Оптически прозрачные полимеры и материалы на их основе

التفاصيل البيبلوغرافية
المؤلف الرئيسي: Барашков Н. Н. Николай Николаевич
مؤلفون آخرون: Сахно Т. В. Тамара Викторовна
اللغة:الروسية
منشور في: Москва, Химия, 1992
سلاسل:Химия - Промышленности
الموضوعات:
التنسيق: كتاب
KOHA link:https://koha.lib.tpu.ru/cgi-bin/koha/opac-detail.pl?biblionumber=56732

MARC

LEADER 00000nam0a2200000 4500
001 56732
005 20231031053717.0
010 |a 5724506203 
035 |a (RuTPU)RU\TPU\book\59588 
090 |a 56732 
100 |a 20031008d1992 k y0rusy50 ca 
101 0 |a rus 
102 |a RU 
105 |a a z 001zy 
200 1 |a Оптически прозрачные полимеры и материалы на их основе  |f Н. Н. Барашков, Т. В. Сахно 
210 |a Москва  |c Химия  |d 1992 
215 |a 80 с.  |c ил. 
225 1 |a Химия - Промышленности 
320 |a Библиогр.: с. 74-77. 
610 1 |a полимеры 
610 1 |a оптические материалы 
610 1 |a линзы 
610 1 |a люминесцентные добавки 
610 1 |a волокна 
610 1 |a лазерная техника 
610 1 |a химия 
610 1 |a промышленность 
675 |a 678.01  |v 3 
700 1 |a Барашков  |b Н. Н.  |g Николай Николаевич 
701 1 |a Сахно  |b Т. В.  |g Тамара Викторовна 
801 1 |a RU  |b 63413507  |c 20031008  |g PSBO 
801 2 |a RU  |b 63413507  |c 20051017  |g PSBO 
942 |c BK